000 00477nam a2200181Ia 4500
003 LK-CoDNM
005 20240725124707.0
008 010623t1892 xxu||||| |||| 00| 1 eng d
040 _aLK-CoDNM
_dLK-CoDNM
_eLK-CoDNM
041 _aeng
080 _a8
_bP16
100 _aGomme,George Laurence.
245 _aEthnology in Folklore
260 _bKegan Paul,Trench,Trubner and Company
_aLondon
_c1892
300 _bvii, 200p ; 19 cm
650 _aModern Science
942 _cBK
999 _c83482
_d83482